| 000 | 00625nam a2200253Ia 4500 | ||
|---|---|---|---|
| 003 | OSt | ||
| 005 | 20221007100431.0 | ||
| 006 | a|||||r|||| 00| 0 | ||
| 007 | ta | ||
| 008 | 221006b |||||||| |||| 00| 0 eng d | ||
| 024 | _a4,404 | ||
| 037 | _cTextual | ||
| 040 |
_aLCO _cLCO _beng |
||
| 041 |
_2eng _aeng |
||
| 082 | _aZ3,95, M0 | ||
| 100 |
_aLawson F.H. _991523 |
||
| 245 | 0 | _aRemedies of English law | |
| 250 | _a2nd | ||
| 260 |
_aLondon _bButterworths UK _c1980 |
||
| 300 | _a309 | ||
| 650 |
_aENGLISH LAW _9701683 |
||
| 942 |
_hZ3,95, M0 _cTEXL |
||
| 999 |
_c1173967 _d1173967 |
||